000 00340nam a2200145 a 4500
001 737
003 CDMR
005 20130116135157.0
008 130130s1976||||||||||||||||||||||||||||d
040 _aCDMR
_bcat
_cCDMR
100 1 _aDorsch, Friedrich
_9572
245 1 0 _aDiccionario de psicologĂ­a
260 _aBarcelona
_c1976
_bHerder
942 _cMON
999 _c737
_d737